Statystyki dla Qry // Zetha - Resoraki

Kliknij tutaj aby rozwiązać quiz!

Ogólne statystyki

  • Ten quiz został rozwiązany 29 razy
  • Średni wynik to 8 z 11

Statystyki odpowiedzi

NumerGośćUtwór% Poprawnych
10SzpakuKadr
100%
8Gry
79%
2RSO
79%
3SarcastLotnisko
75%
4Kosa
71%
5Tylko Raz
71%
9POV
67%
1Za Dwóch
63%
11Livin' My Life
58%
6Medal
58%
7SzopeenPeace
58%

Rozkład punktacji

Percentyl według liczby udzielonych odpowiedzi

Procent ludzi z każdym wynikiem

Twoja historia wyników

Nie rozwiązałeś tego quizu